000 00597nam a2200229Ia 4500
003 OSt
005 20220918174453.0
006 a|||||r|||| 00| 0
007 ta
008 220917b |||||||| |||| 00| 0 eng d
024 _a12,301
037 _cTextual
040 _aARTS
_cARTS
_beng
041 _2eng
_aeng
082 _aMY24wM84, K2
100 _aHall Marshall
_950580
245 0 _aKnight in the Sun
_b Harper B Lee, First Yankee Matador
260 _c1962
650 _aINDUSTRIAL ARTS
942 _hMY24wM84, K2
_cTEXL
_2CC
999 _c153296
_d153296